RICS sustainability report 2025 (Record no. 122226)
[ view plain ]
| 000 -LEADER | |
|---|---|
| fixed length control field | 01849nam a22002657a 4500 |
| 005 - DATE AND TIME OF LATEST TRANSACTION | |
| control field | 20251124130658.0 |
| 008 - FIXED-LENGTH DATA ELEMENTS--GENERAL INFORMATION | |
| fixed length control field | 251124s2024 xxk|||||o|||| 00| 0 eng d |
| 020 ## - INTERNATIONAL STANDARD BOOK NUMBER | |
| ISBN | 9781783215669 |
| 041 ## - LANGUAGE CODE | |
| Language code of text/sound track or separate title | eng |
| 100 ## - MAIN ENTRY--PERSONAL NAME | |
| Personal author | Zehra, Kisa |
| 110 ## - MAIN ENTRY--CORPORATE NAME | |
| Corporate author | Royal Institution of Chartered Surveyors |
| 245 ## - TITLE STATEMENT | |
| Title | RICS sustainability report 2025 |
| Medium | [Electronic resource] |
| 260 ## - PUBLICATION INFORMATION | |
| Place of publication | London, |
| Publisher | Royal Institution of Chartered Surveyors, |
| Date | November 2025 |
| 300 ## - PHYSICAL DESCRIPTION | |
| Physical description | 35p. |
| 520 ## - ABSTRACT | |
| Abstract | RICS’ Sustainability report 2025 examines sentiments from over 3,500 global professionals in the commercial real estate and construction sectors, in order to understand how the climate agenda is shaping trends and practices across the world.<br/><br/>This year’s report suggests that demand growth for green buildings has slowed, and the sector remains stagnant in adopting sustainable practices. While the 2025 RICS Sustainable Building Index (SBI) remains in positive territory, there are clear signs that momentum is stalling in the market. The report highlights that professional skills and knowledge should be developed to make meaningful progress in adopting sustainable practices. It also suggests that regulatory policies are more important than ever, as government support and collaborative partnerships will be essential to address ambitious climate goals. |
| 650 ## - KEYWORDS | |
| Keywords | SUSTAINABILITY |
| 650 ## - KEYWORDS | |
| Keywords | BUILT ENVIRONMENT |
| 650 ## - KEYWORDS | |
| Keywords | ENVIRONMENT |
| 651 ## - SUBJECT ADDED ENTRY--GEOGRAPHIC NAME | |
| Geographic name | International |
| 690 ## - BROAD SUBJECT | |
| 9 (RLIN) | 6271 |
| Broad subject | Sustainability |
| 710 ## - ADDED CORPORATE NAME | |
| Added corporate author | Royal Institution of Chartered Surveyors |
| 856 ## - ONLINE RESOURCE | |
| Uniform Resource Identifier | <a href="https://www.rics.org/content/dam/ricsglobal/documents/reports/Sustainability-report-2025.pdf">https://www.rics.org/content/dam/ricsglobal/documents/reports/Sustainability-report-2025.pdf</a> |
| Public note | Available free on RICS.org |
| 856 ## - ONLINE RESOURCE | |
| Uniform Resource Identifier | <a href="https://www.rics.org/content/dam/ricsglobal/documents/reports/Sustainability-Report-2025-Infographic.pdf">https://www.rics.org/content/dam/ricsglobal/documents/reports/Sustainability-Report-2025-Infographic.pdf</a> |
| Public note | View the infographic here |
| 942 ## - ADDED ENTRY ELEMENTS (KOHA) | |
| Suppress in OPAC | Do not suppress in OPAC |
| Lost status | Damaged status | Not for loan | Current library | Shelving location | Date acquired | Total Checkouts | Full call number | Date last seen | Price effective from | Koha item type |
|---|---|---|---|---|---|---|---|---|---|---|
| Virtual | Online | 24/11/2025 | ONLINE PUBLICATION | 24/11/2025 | 24/11/2025 | Online material |